000 00760naa a22002417u 4500
001 03129
003 HDC
007 cr bn ---aaaaa
008 210103t2008 xx 000 0 eng
040 _aHDC
245 0 _aNational SME Development Council
260 _a[No Place] :
_b[publisher not identified],
_c2008
336 _atext
_2rdacontent
337 _acomputer
_2rdamedia
338 _aonline resource
_2rdacarrier
650 _aBusiness
_9207
650 _aEntrepreneurshi
_92030
650 _aSmall business
_9208
856 _zRequest full-text at [email protected]
942 _2lcc
942 _cEIJ
942 _kEMAG 000094
999 _c515
_d515